[Event "Salon de Provence op 5th"]
[Site "Salon de Provence"]
[Date "2014.07.07"]
[Round "3"]
[White "Vincensini, Emmanuel"]
[Black "Amoros, Jean"]
[Result "1-0"]
[WhiteElo "1960"]
[BlackElo "1499"]
[PlyCount "69"]
[EventDate "2014.07.05"]
[EventType "swiss"]
[EventRounds "9"]
[EventCountry "FRA"]
[SourceTitle "EXT 2015"]
[Source "ChessBase"]
[SourceDate "2014.11.20"]
[SourceVersion "1"]
[SourceVersionDate "2014.11.20"]
[SourceQuality "1"]

1. d4 e5 2. dxe5 Nc6 3. Nf3 Bc5 4. e4 Nge7 5. Bc4 0-0 6. 0-0 Ng6 7. Bb3 Ngxe5 8. Nxe5 Nxe5 9. Bf4 Qf6 10. Bg3 d6 11. Nc3 Be6 12. Nd5 Bxd5 13. Bxd5 c6 14. Bb3 a5 15. a4 Rab8 16. Kh1 Qe7 17. f4 Ng6 18. Qd3 Rbd8 19. Rae1 Rfe8 20. Qf3 Kh8 21. c3 f6 22. Qh5 Nf8 23. h4 g6 24. Qg4 h5 25. Qf3 Qd7 26. f5 Qg7 27. fxg6 Qxg6 28. Qxf6+ Qxf6 29. Rxf6 Kg7 30. Rf7+ Kg6 31. Rxb7 Rd7 32. Rxd7 Nxd7 33. Rf1 Ne5 34. Rf5 Ng4 35. Bf7+ 1-0